|
|
|
|
| LEADER |
00000cam a2200000 7i4500 |
| 001 |
0000080807 |
| 005 |
20180924.0 |
| 008 |
180715 |
| 020 |
|
|
|a 9970076721
|
| 090 |
0 |
0 |
|a JF
|b ENG
|
| 100 |
0 |
|
|a Ophelia Ooi
|
| 245 |
1 |
0 |
|a The great family charity run
|c Ophelia Ooi
|
| 260 |
|
|
|a England :
|b JCS ,
|c 2000
|
| 440 |
|
|
|a Star Readers
|
| 500 |
|
|
|a Children ages 7-9 years old (orange)
|
| 650 |
|
0 |
|a Folklore
|
| 999 |
|
|
|a 0000009891
|b Book
|c Children Collection
|e Cawangan Taman Universiti
|
| 999 |
|
|
|a 0000009892
|b Book
|c Children Collection
|e Cawangan Taman Universiti
|
| 999 |
|
|
|a 0000009893
|b Book
|c Children Collection
|e Cawangan Taman Universiti
|
| 999 |
|
|
|a 0000009894
|b Book
|c Children Collection
|e Cawangan Taman Universiti
|